Potato or Battle? Quiz Stats

 Plays Quiz Updated Nov 7, 2019

Score 0/15 Timer 02:00
0 Plays Today
% Correct
Edgecote Purple
79.4%
Blue
74.2%
Craig's Royal
67.1%
Russet
66.9%
Majestic
65.5%
Yukon Gold
65.4%
King Edward
65.2%
Russian Banana
59.4%
% Correct
Desiree
55.9%
Romano
55.4%
Maris Piper
55.2%
Arran Pilot
49.5%
Larette
45%
Esteema
44.4%
Arran Victory
42.1%

You're not logged in!

Compare scores with friends on all Sporcle quizzes.
OR
Log In

Sporcle TV

Today on Sporcle TV


Watch our educational content, quiz creation guides, and fun videos on Sporcle TV.

Show Comments

Extras

Top Quizzes Today


Score Distribution

Your Account Isn't Verified!

In order to create a playlist on Sporcle, you need to verify the email address you used during registration. Go to your Sporcle Settings to finish the process.

Report this User

Report this user for behavior that violates our Community Guidelines.

Details: